logo

Bir Sreshtho Munshi Abdur Rouf Library
Jhenaidah Cadet College

Ecological systems and the environment / (Record no. 9886)

MARC details
000 -LEADER
fixed length control field 00794nam a22002772i 4500
001 - CONTROL NUMBER
JCCL Control Number 9886
003 - CONTROL NUMBER IDENTIFIER
JCCL marc code BD-JhCC
005 - DATE AND TIME OF LATEST TRANSACTION
control field 20180403123459.0
008 - FIXED-LENGTH DATA ELEMENTS--GENERAL INFORMATION
fixed length control field 500101s1976 maua b 001 0 eng d
020 ## - INTERNATIONAL STANDARD BOOK NUMBER
International Standard Book Number 0395206669
035 ## - SYSTEM CONTROL NUMBER
system control number OCLC ocm02201899 from D950808M
-- (BD-JhCC)9886
040 ## - CATALOGING SOURCE
Original cataloging agency DLC
Transcribing agency DLC
Modifying agency EQO
-- BD-JhCC
041 ## - LANGUAGE CODE
Language code of Book eng
050 #0 - LIBRARY OF CONGRESS CALL NUMBER
Classification number GF41
Item number .F64
082 ## - DEWEY DECIMAL CLASSIFICATION NUMBER
Classification number 301.31
Author mark and Year FOI 1976
100 1# - MAIN ENTRY--PERSONAL NAME
Personal name Foin, Theodore C.
245 10 - TITLE STATEMENT
Title Ecological systems and the environment /
Statement of responsibility, etc Theodore C. Foin, Jr
260 ## - PUBLICATION, DISTRIBUTION, ETC. (IMPRINT)
Place of publication, distribution, etc Boston :
Name of publisher, distributor, etc Houghton Mifflin,
Date of publication, distribution, etc c1976.
300 ## - PHYSICAL DESCRIPTION
Pagination xv, 591 p. :
Other physical details ill. ;
Dimensions 24 cm
504 ## - BIBLIOGRAPHY, ETC. NOTE
Bibliography, etc Includes bibliographies and index
650 #0 - SUBJECT ADDED ENTRY--TOPICAL TERM
Topical term or geographic name as entry element Human ecology
650 #0 - SUBJECT ADDED ENTRY--TOPICAL TERM
Topical term or geographic name as entry element Environmental policy
650 #0 - SUBJECT ADDED ENTRY--TOPICAL TERM
Topical term or geographic name as entry element Environmental protection
942 ## - ADDED ENTRY ELEMENTS (KOHA)
Source of classification or shelving scheme Dewey Decimal Classification
Koha item type Reference
Holdings
Source of classification or shelving scheme Damaged status Not for loan Home library Current library Shelving location Date of accession Total Checkouts Full call number Barcode Date last seen Copy number Koha item type
Dewey Decimal Classification     JCC Rouf Library JCC Rouf Library General Stacks 04/03/2018   301.31 FOI 1976 13401 04/03/2018 C-1 Reference

JCC Library | Contacts | JCC Home

Last Update on 23 September 2017
Copyright @ 2017-2020 JCC Rouf Library
Rouf Library, Jhenidah Cadet College (JCC), Bangladesh